00702nam a2200217Ia 450000500170000000800410001702000240005804000190008204100120010108200160011324501390012925000120026826000440028030000110032450400400033563000200037565000220039565100320041770000250044985000100047420220713114248.0131103s9999 xx 000 0 und d a8184290519cRs.1425 aLoreto College aEnglish a307.72bRAO aRural development and empowerment of weaker sectionsb Practices,promotion and programmes cEdited by B.S.Vasudeva Rao, G.Rajani Kanth a1st ed. aAmbalabThe Associated Publishersc2007 a521p.  aIncludes bibliographical references aRural Sociology aRural Development aRural Community Development aKanth,G.Rajani., ed. aLCLIB